| 000 | 00427nam a2200157Ia 4500 | ||
|---|---|---|---|
| 008 | 240729s9999 xx 000 0 und d | ||
| 022 | _a2205-5975 | ||
| 245 | 0 | _aJournal of Controversies in Biomedical Research | |
| 260 | _aAustralia | ||
| 260 | _bBiogenic Press | ||
| 650 | _a Biology (General) | ||
| 650 | _aScience | ||
| 856 | _uhttps://doaj.org/toc/e999805a49bd435393392a2f070c2b64 | ||
| 942 | _2ddc | ||
| 942 | _cDOAJEJ | ||
| 999 |
_c65850 _d65850 |
||
| 945 |
_a1 _bMadushi Gamage _c1 _dMadushi Gamage |
||